000 02028 a2200193 4500
001 25498
005 20260407155539.0
008 260407a1967 arg spa d
003 AR-UNSa-BCEJYS
040 _aAR-UNSa-BCEJYS
_bspa
_cAR-UNSa-BCEJYS
080 _a657.05
_xContabilidad de gestión (Contabilidad gerencial, control de gestión...)
245 1 0 _aConferencia Interamericana de Contabilidad
_pSubcomisión de estudio sobre Contabilidad Gerencial. Informe sobre la labor realizada en la República Argenrtina o con participación de la Argentina, desde el comienzo de la VII Conferencia Interamericana de Contabilidad hasta la presente
264 1 _aBuenos Aires :
_bEdiciones Macchi
_c1967
300 _a217 p.
_c23 cm.
505 _a1. Antecedentes - 2. Recomendaciones aprobadas por la VII Conferencia Interamericana de Contabilidad en materia Contabilidad Gerencial - 3. Principales conclusiones de los trabajos presentados a la VII Conferencia Interamericana de Contabilidad - 4. Relevamiento de opiniones sobre Contabilidad Gerencial, efectuado durante la VII Conferencia Interamericana de Contabilidad - 5. Encuesta sobre la Enseñanza de la Contabilidad Gerencial, efectuada en oportunidad de la VII C.I.C. - 6. Jornadas de Contabilidad Gerencial de Rosario - 7. Primer seminario de Contabilidad gerencial de Bahía Blanca - 8. Primer congreso Interamericano de Enseñanza Superior de la Contabilidad - 9. Sexta jornadas Argentina de investigación operativa - 10. Tercera reunión de la asociación argentina para la enseñanza de contabilidad, administración y economía - 11. Congreso nacional de Contadores del Uruguay - 12. Segundo seminario de Contabilidad Gerencial de Bahía Blanca - 13. Actividades cumplidas en Buenos Aires sobre contabilidad gerencial - 14. Trabajos preparados para la VII conferencia interamericana de contabilidad - 15. Trabajos preparados para el IX Congreso mundial de contabilidad.
942 _cBK
590 _aniveau_biblio:m niveau_hierar:0
100 1 _aHerrscher, Enrique G.
999 _c1390
_d1390